Sustainable construction (Record no. 116298)

MARC details
000 -LEADER
fixed length control field 00887cam a22002415a 4500
001 - CONTROL NUMBER
control field L160255
008 - FIXED-LENGTH DATA ELEMENTS--GENERAL INFORMATION
fixed length control field 190603s2019 xxk f 000 0 eng d
020 ## - INTERNATIONAL STANDARD BOOK NUMBER
International Standard Book Number 9781138200289
035 ## - SYSTEM CONTROL NUMBER
System control number (Sirsi) u160255
041 0# - LANGUAGE CODE
Language code of text/sound track or separate title eng
050 04 - LIBRARY OF CONGRESS CALL NUMBER
Classification number 696.8
100 1# - MAIN ENTRY--PERSONAL NAME
Personal name Halliday, Sandy
245 00 - TITLE STATEMENT
Title Sustainable construction
250 ## - EDITION STATEMENT
Edition statement 2 ed
260 ## - PUBLICATION, DISTRIBUTION, ETC.
Place of publication, distribution, etc. London
Date of publication, distribution, etc. Routledge
Name of publisher, distributor, etc. 2019
300 ## - PHYSICAL DESCRIPTION
Extent xi; 466p 28 cm
520 ## - SUMMARY, ETC.
Summary, etc. Looks at the principles and techniques involved in the design and delivery of practical affordable high quality sustainable buildings with 120 examples of case studies. Examines policy, materials, cost issues, appraisal techniques, environmental design, energy, water, construction processes and urban ecology.
590 ## - LOCAL NOTE (RLIN)
Local note NTK
651 #4 - SUBJECT ADDED ENTRY--GEOGRAPHIC NAME
Geographic name ENGLAND AND WALES
690 ## - LOCAL SUBJECT ADDED ENTRY--TOPICAL TERM (OCLC, RLIN)
Topical term or geographic name as entry element Sustainability
9 (RLIN) 6271
690 ## - LOCAL SUBJECT ADDED ENTRY--TOPICAL TERM (OCLC, RLIN)
Topical term or geographic name as entry element Construction management
9 (RLIN) 6230
942 ## - ADDED ENTRY ELEMENTS (KOHA)
Suppress in OPAC 0
Source of classification or shelving scheme Dewey Decimal Classification
Holdings
Withdrawn status Lost status Source of classification or shelving scheme Damaged status Not for loan Home library Current library Shelving location Date acquired Total Checkouts Full call number Barcode Date last seen Copy number Price effective from Koha item type
    Dewey Decimal Classification     London London Folio 03/06/2019   696.9 HAL 160255-1001 06/08/2019 1 06/08/2019 Book